Η δίκη

Αποθηκεύτηκε σε:
Λεπτομέρειες βιβλιογραφικής εγγραφής
Κύριος συγγραφέας: Kafka, Franz, 1883-1924
Άλλοι συγγραφείς: Βαλούρδος, Γιάννης, 1954- (Μεταφραστής)
Μορφή: Βιβλίο
Γλώσσα:Greek
German
Δημοσίευση: Αθήνα : Γράμματα, 1991.
Σειρά:Λογοτεχνία (Γράμματα) 197
Θέματα:
Ετικέτες: Προσθήκη ετικέτας
Δεν υπάρχουν, Καταχωρήστε ετικέτα πρώτοι!

MARC

LEADER 00000cam a2200000 i 4500
001 1/19839
008 120523s1991 gr | ||| |||| ||gre||
020 |a 9603291528 
035 |l 10112576 
040 |a GR-MyUa  |b gre  |e AACR2 
041 1 |a gre  |h ger 
082 7 |a 833   |2 (22) 
100 1 |a Kafka, Franz,   |d 1883-1924. 
245 1 2 |a Η δίκη /   |c Φραντς Κάφκα ; μετάφραση Γιάννης Βαλούρδος. 
260 |a Αθήνα :   |b Γράμματα,   |c 1991. 
300 |a 279 σ. ;   |c 21 εκ. 
490 1 |a (Λογοτεχνία / Γράμματα ;   |v 197) 
500 |a Τίτλος πρωτοτύπου: Der Prozess. 
650 0 |a German fiction  |y 20th century. 
700 1 |a Βαλούρδος, Γιάννης,   |d 1954-  |e trl 
830 0 |a Λογοτεχνία (Γράμματα)  |v 197 
852 |a INST  |b SYROS  |e 20120523  |h 833 KAF  |p 005500010130  |q 005500010130  |t BK  |y 0 
901 |a BIBL5-2012-1 
970 |a Τσουκαλά  |b Αλίκη  |z 23/05/2012